Statistics for Top 10 Largest Cities in North Korea

Click here to take the quiz!

General Stats

  • This quiz has been taken 21 times
  • The average score is 3 of 10

Answer Stats

PopulationCity% Correct
3,222,000Pyongyang
100%
327,000Chongjin
26%
559,056Hamhung
26%
455,000Nampo
26%
329,207Wonsan
26%
338,155Kaesong
21%
222,396Haeju
16%
310,100Sariwon
11%
288,112Sinuiju
11%
346,082Hungnam
5%

Score Distribution

Percentile by Number Answered

Percent of People with Each Score

Your Score History

You have not taken this quiz